Quick Pick: Word Ladder Quiz Stats

 Plays Quiz Updated Jan 24, 2018

Score 0/20 Timer 01:00
0 Plays Today
% Correct
???
98.1%
???
97.2%
???
91.3%
???
89.5%
???
88.1%
???
86.1%
???
85.6%
???
81.8%
???
77.9%
???
75.2%
% Correct
???
67.8%
???
67.2%
???
64.8%
???
57.7%
???
56.2%
???
51.3%
???
44.5%
???
40%
???
38.3%
???
36.3%

Today's Daily Dose

You're not logged in!

Compare scores with friends on all Sporcle quizzes.
OR
Log In

Sporcle TV

Today on Sporcle TV


Watch our educational content, quiz creation guides, and fun videos on Sporcle TV.

Show Comments

Extras

Top Quizzes Today


Score Distribution

Your Account Isn't Verified!

In order to create a playlist on Sporcle, you need to verify the email address you used during registration. Go to your Sporcle Settings to finish the process.

Report this User

Report this user for behavior that violates our Community Guidelines.

Details: